00251nam a2200097Ia 4500008004000000082001700040100002300057245002900080260003700109300000700146210210b1986 xxu||||| |||| 00| 0 eng d a070.172 SARS aSARKAR (Chanchal). aStory of our newspapers. aIndiabNational Book Trustc1986 a64